| 000 | 00408 a2200157 4500 | ||
|---|---|---|---|
| 005 | 20250311073408.0 | ||
| 020 | _a0-256-21896-X | ||
| 082 | _a658.81 STA | ||
| 100 | _aSTANTON, W. J. | ||
| 245 | _aManagement of Sales Force | ||
| 250 | _a10th Ed. | ||
| 260 |
_aBoston _bMcGraw-Hill _c1999 |
||
| 300 |
_axxviii, 628p., ill., picture, chart, table, figure _bIndex _c23cm |
||
| 700 | _aSPIRO, R. | ||
| 942 |
_2ddc _cBKS |
||
| 999 |
_c315 _d315 |
||